[Event "Barcelona Sants op 17th"]
[Site "Barcelona"]
[Date "2015.08.21"]
[Round "1"]
[White "Nederveld, Dieter"]
[Black "Caille, Hugo"]
[Result "0-1"]
[WhiteElo "1942"]
[BlackElo "2255"]
[PlyCount "56"]
[EventDate "2015.08.21"]
[EventType "swiss"]
[EventRounds "10"]
[EventCountry "ESP"]
[SourceTitle "EXT 2016"]
[Source "ChessBase"]
[SourceDate "2015.10.08"]
[SourceVersion "1"]
[SourceVersionDate "2015.10.08"]
[SourceQuality "1"]

1. d4 Nf6 2. Nf3 d5 3. Bg5 Nbd7 4. Nbd2 g6 5. e3 Bg7 6. Bd3 0-0 7. 0-0 c5 8. c3 b6 9. Rc1 Bb7 10. Bh4 h6 11. Bb1 Ne4 12. Nxe4 dxe4 13. Nd2 f5 14. f4 exf3 15. Nxf3 Nf6 16. Ne5 Qe8 17. Qe2 e6 18. g4 Ne4 19. Bxe4 Bxe4 20. Bg3 Rd8 21. h3 Kh7 22. gxf5 exf5 23. Kh2 Rd5 24. Qa6 Bxe5 25. Bxe5 Rxe5 26. Qxa7+ Re7 27. Qxb6 Rf6 28. Qxf6 Qb8+ 0-1